000 00976nam a2200289 4500
003 OSt
005 20260530115300.0
008 260505b2015 enk |||| |||| 00| 0 eng d
020 _a9781782434580
020 _a9781782434672
020 _a9781782434597
040 _aICI
_bspa
_cICI
041 _aeng
050 _aBF408
_bS65 2015
100 1 _aSmith, Daniel,
_eautor
_931164
245 1 0 _aHow to think like Leonardo da Vinci /
_bDaniel Smith
264 1 _aGreat Britain :
_bMichael O'Mara, Books Limited,
_c2015
300 _a204 páginas
336 _atexto
_2rdacontent
337 _asin medio
_2rdamedia
338 _avolumen
_2rdacarrier
520 _aObra que analiza el pensamiento de Leonardo da Vinci y su aplicación en el desarrollo de la creatividad, la innovación y la resolución de problemas.
650 4 _aLeonardo da Vinci,
_xInfluencia.
_931165
650 4 _aPensamiento creativo,
650 4 _aGenios,
_xPsicología.
_931167
942 _2lcc
_cBK
_n1
999 _c12829
_d12829